Robots in space / (Record no. 114911)
[ view plain ]
| 000 -LEADER | |
|---|---|
| fixed length control field | 00966nam a2200181 a 4500 |
| 005 - DATE AND TIME OF LATEST TRANSACTION | |
| control field | 20140414132116.0 |
| 008 - FIXED-LENGTH DATA ELEMENTS--GENERAL INFORMATION | |
| fixed length control field | 111010s19uu xx 00 eng d |
| 020 ## - INTERNATIONAL STANDARD BOOK NUMBER | |
| International Standard Book Number | 9781607530756 |
| 050 ## - LIBRARY OF CONGRESS CALL NUMBER | |
| Classification number | REF 629.8 |
| Item number | P22 2011 |
| 100 ## - MAIN ENTRY--PERSONAL NAME | |
| Personal name | Parker, Steve, 1952- |
| 245 ## - TITLE STATEMENT | |
| Title | Robots in space / |
| Statement of responsibility, etc | Steve Parker. |
| 260 ## - PUBLICATION, DISTRIBUTION, ETC. (IMPRINT) | |
| Place of publication, distribution, etc | Mankato, Minn. : |
| Name of publisher, distributor, etc | Amicus, |
| Date of publication, distribution, etc | c2011. |
| 300 ## - PHYSICAL DESCRIPTION | |
| Extent | 32 p. : col. ill. ; 28 cm. |
| 500 ## - GENERAL NOTE | |
| General note | Robots blast off! -- On Earth and in space -- Electro-bots -- Senses in space -- Talking to space-bots -- Off to the moon -- Let�s go to Mars! -- Red hot planets -- Exploring together -- Small strange worlds -- International space station -- The longest journey -- Infinity and beyond. |
| 520 ## - SUMMARY, ETC. | |
| Summary, etc | "Discusses how robots are used to explore planets and other bodies in space, advances in space robotics, and what we can learn from the data these robots gather"--Provided by publisher. |
| 650 ## - SUBJECT ADDED ENTRY--TOPICAL TERM | |
| Topical term or geographic name as entry element | Space robotics --Juvenile literature. |
| Withdrawn status | Lost status | Damaged status | Use restrictions | Home library | Current library | Shelving location | Date acquired | Source of acquisition | Cost, normal purchase price | Total Checkouts | Full call number | Barcode | Date last seen | Price effective from | Koha item type |
|---|---|---|---|---|---|---|---|---|---|---|---|---|---|---|---|
| Munich Library | Munich Library | Reference Section | 10/10/2011 | 2013.00 | REF 629.8 P22 2011 | M6847 | 04/14/2014 | 04/14/2014 | Books |